College Quizbowl Stats
College Quizbowl Stats
Circuits
Seasons
Sets
Records
Detailed Stats
About
Loading...
2024 ACF Winter at Clemson
Tossups
Bonuses
Players
Teams
Categories (Tossup)
Categories (Bonus)
Euan Ham
Georgia Tech A
Categories
Category
Powers
Gets
Negs
BBs
Points
Earliest Buzz
Avg. Buzz
First Buzzes
Top 3 Buzzes
Social Science
0
2
0
1
20
98
102.00
1
1
Fine Arts - Classical Music
0
2
2
0
10
80
86.50
0
1
Fine Arts - Other Fine Arts
0
1
0
0
10
100
100.00
0
1
Buzzes
Category
Answer
Value
Buzz Position
Fine Arts - Classical Music
Turkey
-5
57
Fine Arts - Classical Music
symphonies by Felix Mendelssohn
10
80
Fine Arts - Classical Music
Franz Joseph Haydn
10
93
Social Science
inequality
10
98
Fine Arts - Other Fine Arts
Czechia
10
100
Fine Arts - Classical Music
Gustav Holst
-5
100
Social Science
price discrimination
10
106
Previous
1
Next